[Event "Asian-ch Seniors 65"]
[Site "Auckland"]
[Date "2022.10.20"]
[Round "9"]
[White "Bennett, Hilton Petrie"]
[Black "Smith, Vivian J"]
[Result "1-0"]
[WhiteElo "1885"]
[BlackElo "1649"]
[PlyCount "57"]
[EventDate "2022.10.15"]
[EventType "swiss"]
[EventRounds "9"]
[EventCountry "NZL"]
[SourceTitle "EXT 2024"]
[Source "ChessBase"]
[SourceDate "2023.10.10"]
[SourceVersion "1"]
[SourceVersionDate "2023.10.10"]
[SourceQuality "1"]

1. e4 c5 2. Nc3 a6 3. Nge2 b5 4. g3 Bb7 5. Bg2 e5 6. d3 Nc6 7. 0-0 d6 8. f4 b4 9. Nd5 Nge7 10. Be3 Nxd5 11. exd5 Nd4 12. Nxd4 cxd4 13. Bd2 a5 14. Qf3 f6 15. Rae1 Kd7 16. c3 bxc3 17. bxc3 dxc3 18. Bxc3 Qb6+ 19. Kh1 h5 20. Rb1 Qc7 21. Rfc1 Qb8 22. Qd1 Ke8 23. Qb3 Ra7 24. Qb5+ Kf7 25. Bxa5 Be7 26. Rc7 Rc8 27. Rbc1 Rxc7 28. Rxc7 Qa8 29. Qd7 1-0

[Event "Asian-ch Seniors 65"]
[Site "Auckland"]
[Date "2022.10.17"]
[Round "4"]
[White "Bennett, Hilton Petrie"]
[Black "Beach, Paul K"]
[Result "1-0"]
[WhiteElo "1885"]
[BlackElo "2086"]
[PlyCount "63"]
[EventDate "2022.10.15"]
[EventType "swiss"]
[EventRounds "9"]
[EventCountry "NZL"]
[SourceTitle "EXT 2024"]
[Source "ChessBase"]
[SourceDate "2023.10.10"]
[SourceVersion "1"]
[SourceVersionDate "2023.10.10"]
[SourceQuality "1"]

1. e4 e5 2. Nc3 Nf6 3. g3 Bc5 4. Bg2 0-0 5. Nge2 c6 6. 0-0 d5 7. exd5 cxd5 8. d4 exd4 9. Nxd4 Bg4 10. Qd3 Bxd4 11. Qxd4 Nc6 12. Qf4 Be6 13. Rd1 Qa5 14. Qh4 Ne7 15. Bg5 Nf5 16. Qf4 Ne4 17. Nxe4 dxe4 18. Qxe4 Nxg3 19. hxg3 Qxg5 20. b3 b6 21. Qa4 Rad8 22. Qxa7 Qc5 23. c4 Bg4 24. Rxd8 Rxd8 25. Bd5 Be6 26. Bxe6 fxe6 27. Qb7 h5 28. Qe4 Rd4 29. Qxe6+ Kh7 30. Re1 h4 31. Re5 Rd1+ 32. Kg2 1-0

[Event "NZL-ch Seniors Spiller Memorial"]
[Site "Howick"]
[Date "2022.08.20"]
[Round "5"]
[White "Beier, Thomas"]
[Black "Bennett, Hilton Petrie"]
[Result "0-1"]
[WhiteElo "1129"]
[BlackElo "1920"]
[PlyCount "98"]
[EventDate "2022.08.18"]
[EventType "swiss"]
[EventRounds "6"]
[EventCountry "NZL"]
[SourceTitle "EXT 2024"]
[Source "ChessBase"]
[SourceDate "2023.10.10"]
[SourceVersion "1"]
[SourceVersionDate "2023.10.10"]
[SourceQuality "1"]

1. e4 d6 2. d4 Nf6 3. Nc3 g6 4. Be3 a6 5. Qd2 b5 6. Be2 Nc6 7. d5 Ne5 8. Bh6 b4 9. Bxf8 bxc3 10. Qxc3 Kxf8 11. f4 Ned7 12. e5 dxe5 13. fxe5 Nxd5 14. Qf3 e6 15. c4 N5b6 16. Rd1 Rb8 17. c5 Nd5 18. Rxd5 exd5 19. Qxd5 Qh4+ 20. Kf1 Qf4+ 21. Nf3 Qc1+ 22. Kf2 Qxc5+ 23. Qxc5+ Nxc5 24. Rc1 Ne6 25. b3 Kg7 26. Bc4 Rd8 27. Bxe6 Bxe6 28. Rxc7 Rbc8 29. Ra7 Rc2+ 30. Kg3 Rxa2 31. Ng5 Bxb3 32. e6 Rd3+ 33. Kh4 Bxe6 34. Nxe6+ Kf6 35. Nc5 Rd4+ 36. Kg3 Ra3+ 37. Kf2 Rd2+ 38. Ke1 Rxg2 39. Rxa6+ Rxa6 40. Nxa6 Rxh2 41. Nc5 Kf5 42. Nb3 Kf4 43. Nd4 g5 44. Kf1 g4 45. Kg1 Ra2 46. Kf1 h5 47. Nb5 h4 48. Nc3 Rc2 49. Nd5+ Kf3 0-1

[Event "NZL-ch Seniors Spiller Memorial"]
[Site "Howick"]
[Date "2022.08.19"]
[Round "3"]
[White "Bennett, Hilton Petrie"]
[Black "Booth, Anthony"]
[Result "1-0"]
[WhiteElo "1920"]
[BlackElo "1607"]
[PlyCount "43"]
[EventDate "2022.08.18"]
[EventType "swiss"]
[EventRounds "6"]
[EventCountry "NZL"]
[SourceTitle "EXT 2024"]
[Source "ChessBase"]
[SourceDate "2023.10.10"]
[SourceVersion "1"]
[SourceVersionDate "2023.10.10"]
[SourceQuality "1"]

1. e4 c5 2. Nc3 d6 3. f4 Nf6 4. Nf3 g6 5. Bb5+ Bd7 6. Bc4 Bg7 7. d3 0-0 8. 0-0 Nc6 9. Qe1 Na5 10. Bb3 Nxb3 11. axb3 Bc6 12. f5 Nd7 13. Qh4 Nf6 14. Bh6 Bxh6 15. Qxh6 Ng4 16. Qh4 Nf6 17. fxg6 hxg6 18. Ng5 Kg7 19. Rxf6 Kxf6 20. Rf1+ Ke5 21. Qf4+ Kd4 22. Ne2# 1-0

[Event "NZL-ch op 127th"]
[Site "Tauranga"]
[Date "2020.01.18"]
[Round "5"]
[White "Tsagarakis, Angelo"]
[Black "Bennett, Hilton Petrie"]
[Result "0-1"]
[WhiteElo "1746"]
[BlackElo "1913"]
[PlyCount "130"]
[EventDate "2020.01.14"]
[EventType "swiss"]
[EventRounds "9"]
[EventCountry "NZL"]
[SourceTitle "CBM 194 Extra"]
[Source "ChessBase"]
[SourceDate "2020.03.31"]
[SourceVersion "1"]
[SourceVersionDate "2020.03.31"]
[SourceQuality "1"]

1. e4 d6 2. f4 g6 3. Nf3 Bg7 4. c3 c5 5. Bc4 Nh6 6. 0-0 0-0 7. a4 Nc6 8. h3 e6 9. d3 d5 10. Bb3 c4 11. exd5 exd5 12. Bc2 cxd3 13. Bxd3 Qb6+ 14. Kh2 Nf5 15. Bxf5 Bxf5 16. Na3 Rad8 17. Qe1 d4 18. cxd4 Nxd4 19. Ne5 Rfe8 20. Qf2 f6 21. Nec4 Qe6 22. Bd2 Qc6 23. Be3 Nb3 24. Rad1 Bd3 25. Rxd3 Rxd3 26. Bxa7 f5 27. a5 Qe4 28. Bb6 Qe2 29. Kh1 Qxf2 30. Rxf2 Bd4 31. Bxd4 Rxd4 32. Ne5 Nc5 33. Rc2 Ne6 34. g3 Red8 35. Nac4 g5 36. Rf2 gxf4 37. gxf4 Rxf4 38. Rg2+ Kf8 39. Kh2 Re4 40. b3 Rd5 41. Rf2 Rdxe5 42. Nxe5 Rxe5 43. b4 Nd4 44. Kg3 Nc6 45. Kf4 Rb5 46. Kg5 Kf7 47. h4 Nd4 48. Rb2 Ne6+ 49. Kh6 f4 50. Rd2 Rxb4 51. Kxh7 f3 52. h5 Rb5 53. Kh6 Rxa5 54. Rd7+ Kf6 55. Rxb7 f2 56. Rb1 Rf5 57. Rf1 Nf4 58. Kh7 Rxh5+ 59. Kg8 Rg5+ 60. Kh7 Rg2 61. Kh8 Kf7 62. Rh1 Rg1 63. Rh7+ Kf8 64. Rg7 Rh1+ 65. Rh7 f1Q 0-1

[Event "NZL-ch op 127th"]
[Site "Tauranga"]
[Date "2020.01.17"]
[Round "4"]
[White "Bennett, Hilton Petrie"]
[Black "Sandler, Leonid"]
[Result "0-1"]
[WhiteElo "1913"]
[BlackElo "2226"]
[PlyCount "61"]
[EventDate "2020.01.14"]
[EventType "swiss"]
[EventRounds "9"]
[EventCountry "NZL"]
[SourceTitle "CBM 194 Extra"]
[Source "ChessBase"]
[SourceDate "2020.03.31"]
[SourceVersion "1"]
[SourceVersionDate "2020.03.31"]
[SourceQuality "1"]

1. e4 e6 2. d3 c5 3. g3 Nc6 4. Bg2 g6 5. Nf3 Bg7 6. Nbd2 Nge7 7. 0-0 0-0 8. Re1 d6 9. a4 Rb8 10. c3 a6 11. Nb3 e5 12. Rb1 b5 13. axb5 axb5 14. Be3 h6 15. h4 Be6 16. Nc1 f5 17. Qd2 Kh7 18. h5 gxh5 19. Nh4 Qd7 20. Bf3 f4 21. gxf4 exf4 22. Bxf4 Ne5 23. Bg2 Bh3 24. Bg3 Bf6 25. Nf5 Nxf5 26. exf5 Bxg2 27. Bxe5 Bxe5 28. f4 Bd5 29. fxe5 Qxf5 30. Re3 Qf1+ 31. Kh2 0-1

[Event "George Trundle Qualifiers"]
[Site "Auckland"]
[Date "2020.01.12"]
[Round "9"]
[White "Garbett, Paul Anthony"]
[Black "Bennett, Hilton Petrie"]
[Result "1-0"]
[WhiteElo "2185"]
[BlackElo "1913"]
[PlyCount "39"]
[EventDate "2020.01.04"]
[EventType "tourn"]
[EventRounds "9"]
[EventCountry "NZL"]
[SourceTitle "EXT 2021"]
[Source "ChessBase"]
[SourceDate "2020.10.23"]
[SourceVersion "1"]
[SourceVersionDate "2020.10.23"]
[SourceQuality "1"]

1. e4 d6 2. d4 g6 3. Nc3 Bg7 4. Be3 a6 5. f4 b5 6. a3 Bb7 7. Be2 Nd7 8. Bf3 c5 9. e5 Qb8 10. dxc5 Bxf3 11. Qxf3 dxe5 12. c6 Ngf6 13. cxd7+ Nxd7 14. Nge2 0-0 15. Rd1 Nb6 16. 0-0 exf4 17. Bxf4 e5 18. Be3 Nc4 19. Bc5 Nxb2 20. Rd7 1-0

[Event "George Trundle Qualifiers"]
[Site "Auckland"]
[Date "2020.01.10"]
[Round "7"]
[White "Morrell, Gordon"]
[Black "Bennett, Hilton Petrie"]
[Result "0-1"]
[WhiteElo "2065"]
[BlackElo "1913"]
[PlyCount "40"]
[EventDate "2020.01.04"]
[EventType "tourn"]
[EventRounds "9"]
[EventCountry "NZL"]
[SourceTitle "EXT 2021"]
[Source "ChessBase"]
[SourceDate "2020.10.23"]
[SourceVersion "1"]
[SourceVersionDate "2020.10.23"]
[SourceQuality "1"]

1. d4 Nf6 2. c4 g6 3. Nc3 Bg7 4. e4 d6 5. h3 0-0 6. Bg5 c5 7. d5 e6 8. Bd3 exd5 9. exd5 Nbd7 10. Nge2 Ne5 11. 0-0 Nxd3 12. Qxd3 h6 13. Be3 Re8 14. Rae1 Nd7 15. b3 Ne5 16. Qd2 Bxh3 17. Bxh6 Qh4 18. Qf4 Qxh6 19. Qxh6 Bxh6 20. f4 Nd3 0-1

[Event "Wch Seniors 50 29th"]
[Site "Bucharest"]
[Date "2019.11.21"]
[Round "9"]
[White "Toma Andreica, Alin"]
[Black "Bennett, Hilton Petrie"]
[Result "1/2-1/2"]
[WhiteElo "2154"]
[BlackElo "1906"]
[PlyCount "118"]
[EventDate "2019.11.12"]
[EventType "swiss"]
[EventRounds "11"]
[EventCountry "ROU"]
[SourceTitle "CBM 193 Extra"]
[Source "ChessBase"]
[SourceDate "2020.01.31"]
[SourceVersion "1"]
[SourceVersionDate "2020.01.31"]
[SourceQuality "1"]

1. e4 g6 2. d4 Bg7 3. Nc3 d6 4. f4 Nf6 5. e5 Nfd7 6. Nf3 0-0 7. h4 c5 8. h5 cxd4 9. hxg6 dxc3 10. gxf7+ Rxf7 11. Bc4 e6 12. Ng5 Nxe5 13. Qh5 h6 14. fxe5 hxg5 15. Qh7+ Kf8 16. Qh8+ Bxh8 17. Rxh8+ Kg7 18. Rxd8 Nc6 19. Rxd6 Nxe5 20. Bb3 Bd7 21. Be3 cxb2 22. Rad1 Raf8 23. Bd4 b1Q 24. Bxe5+ Kh6 25. Rxb1 Rf1+ 26. Kd2 Rxb1 27. Rxd7 Rf2+ 28. Kc3 Rxg2 29. Rxb7 a5 30. Ra7 g4 31. Rxa5 Rf1 32. Bxe6 Rff2 33. Bb3 g3 34. Kb2 Rf5 35. Be6 Rff2 36. Rc5 Rf8 37. Bd5 Rg1 38. Bd4 Re1 39. a4 Re2 40. Kc3 g2 41. Kd3 Rfe8 42. Bxg2 Rxg2 43. a5 Re6 44. Rb5 Rc6 45. c3 Ra2 46. Rb3 Rg6 47. Be3+ Kg7 48. Rb7+ Kg8 49. Bb6 Rc6 50. c4 Kf8 51. c5 Ra4 52. a6 Rxa6 53. Kc4 Rc8 54. Kd5 Ra1 55. Bc7 Ke8 56. Bd6 Rd1+ 57. Ke6 Re1+ 58. Kf6 Rf1+ 59. Ke6 Re1+ 1/2-1/2

[Event "Oceania & NZL-ch Seniors"]
[Site "Auckland"]
[Date "2019.07.15"]
[Round "6"]
[White "Bennett, Hilton Petrie"]
[Black "Gibbons, Robert"]
[Result "1/2-1/2"]
[WhiteElo "1923"]
[BlackElo "1918"]
[PlyCount "43"]
[EventDate "2019.07.12"]
[EventType "swiss"]
[EventRounds "6"]
[EventCountry "NZL"]
[SourceTitle "EXT 2023"]
[Source "ChessBase"]
[SourceDate "2022.10.05"]
[SourceVersion "1"]
[SourceVersionDate "2022.10.05"]
[SourceQuality "1"]

1. d3 e6 2. g3 g6 3. Bg2 Bg7 4. e4 d5 5. c3 c6 6. Ne2 dxe4 7. dxe4 Qxd1+ 8. Kxd1 e5 9. h3 Be6 10. Be3 Nd7 11. Nd2 Bh6 12. Bxh6 Nxh6 13. Kc2 Ke7 14. Nb3 b6 15. Rad1 Rad8 16. Nec1 Nb8 17. Rxd8 Rxd8 18. Rd1 Rxd1 19. Kxd1 f6 20. Kc2 Nf7 21. Kd3 Nd7 22. h4 1/2-1/2

[Event "Henderson Trusts op 42nd"]
[Site "Henderson"]
[Date "2019.06.02"]
[Round "3"]
[White "Cilia Vincenti, David"]
[Black "Bennett, Hilton Petrie"]
[Result "1/2-1/2"]
[WhiteElo "2044"]
[BlackElo "1908"]
[PlyCount "88"]
[EventDate "2019.06.01"]
[EventType "swiss"]
[EventRounds "6"]
[EventCountry "NZL"]
[SourceTitle "EXT 2020"]
[Source "ChessBase"]
[SourceDate "2019.10.17"]
[SourceVersion "1"]
[SourceVersionDate "2019.10.17"]
[SourceQuality "1"]

1. d4 Nf6 2. c4 g6 3. Nc3 Bg7 4. e4 d6 5. f3 c6 6. Nge2 a6 7. Be3 b5 8. e5 dxe5 9. dxe5 Nfd7 10. e6 fxe6 11. Nf4 Nf6 12. Qb3 Qd6 13. Rd1 Qe5 14. Kf2 0-0 15. g3 g5 16. Bd4 Qc7 17. Bxf6 exf6 18. Nh5 f5 19. Nxg7 Kxg7 20. cxb5 Qb6+ 21. Kg2 cxb5 22. Bc4 Qc6 23. Be2 Nd7 24. Nxb5 axb5 25. Bxb5 Qc7 26. Rc1 Qa7 27. Qxe6 Nf6 28. Qe5 Rf7 29. Rhe1 g4 30. Bc6 gxf3+ 31. Bxf3 Bb7 32. Qxf5 Bxf3+ 33. Qxf3 Qxa2 34. Qc3 Rb8 35. Rc2 Qd5+ 36. Kg1 Rb3 37. Qe5 Qxe5 38. Rxe5 Kg6 39. Re6 Kg7 40. Rf2 Ng4 41. Rxf7+ Kxf7 42. Re2 Ne3 43. Rf2+ Kg7 44. Rf3 Rd3 1/2-1/2

[Event "Henderson Trusts op 42nd"]
[Site "Henderson"]
[Date "2019.06.01"]
[Round "1"]
[White "Bennett, Hilton Petrie"]
[Black "Garbett, Paul Anthony"]
[Result "1/2-1/2"]
[WhiteElo "1908"]
[BlackElo "2222"]
[PlyCount "134"]
[EventDate "2019.06.01"]
[EventType "swiss"]
[EventRounds "6"]
[EventCountry "NZL"]
[SourceTitle "EXT 2020"]
[Source "ChessBase"]
[SourceDate "2019.10.17"]
[SourceVersion "1"]
[SourceVersionDate "2019.10.17"]
[SourceQuality "1"]

1. e4 c5 2. Nc3 a6 3. g3 b5 4. Bg2 Bb7 5. Qe2 Nc6 6. Nf3 g6 7. d3 Bg7 8. 0-0 d6 9. Nd1 e6 10. c3 Nge7 11. Be3 0-0 12. Nh4 Qd7 13. f4 f5 14. Nf3 Na5 15. Nf2 c4 16. Nd2 cxd3 17. Qxd3 Qc6 18. Rfd1 Rad8 19. Qf1 Qc7 20. Rac1 fxe4 21. Nfxe4 Nd5 22. Bf2 e5 23. Ng5 Qe7 24. Nb3 Nxb3 25. axb3 h6 26. Nh3 e4 27. Qe2 Rfe8 28. Bd4 Nc7 29. Bb6 Rd7 30. Nf2 Nd5 31. Bd4 Bxd4 32. Rxd4 Nf6 33. Rcd1 d5 34. Ng4 Kg7 35. Nxf6 Qxf6 36. c4 Qb6 37. Kh1 Red8 38. Qg4 Bc8 39. Qh4 bxc4 40. Bxe4 Qf6 41. Qxf6+ Kxf6 42. Bc2 cxb3 43. Bxb3 Bb7 44. Kg1 Bc6 45. Ba4 Bxa4 46. Rxa4 Rd6 47. Kf2 Rb8 48. b4 Rb5 49. Rda1 Rbb6 50. Rd1 Ke6 51. Ke3 Rdc6 52. Rda1 Kd6 53. Kd3 Rc4 54. Rxa6 Rcxb4 55. Rxb6+ Rxb6 56. Ra2 h5 57. Kd4 Rb4+ 58. Kd3 Ke6 59. Kc3 Rc4+ 60. Kd3 Rc5 61. Kd4 Rc4+ 62. Kd3 Rc1 63. Re2+ Kd6 64. Kd2 Rf1 65. Kd3 h4 66. Ke3 hxg3 67. hxg3 Rg1 1/2-1/2

[Event "NZL-ch rapid op"]
[Site "Auckland"]
[Date "2019.01.23"]
[Round "5"]
[White "Bennett, Hilton Petrie"]
[Black "Ker, Anthony F"]
[Result "0-1"]
[WhiteElo "1958"]
[BlackElo "2301"]
[PlyCount "70"]
[EventDate "2019.01.23"]
[EventType "swiss (rapid)"]
[EventRounds "9"]
[EventCountry "NZL"]
[SourceTitle "CBM 189 Extra"]
[Source "ChessBase"]
[SourceDate "2019.06.03"]
[SourceVersion "1"]
[SourceVersionDate "2019.06.03"]
[SourceQuality "1"]

1. e4 c5 2. Nc3 g6 3. f4 Bg7 4. Nf3 Nc6 5. a3 e6 6. b4 d6 7. bxc5 dxc5 8. e5 Nge7 9. Ne4 0-0 10. Bc4 Nd5 11. d3 f6 12. exf6 Nxf6 13. Neg5 Nd5 14. Bd2 Bxa1 15. Qxa1 Qf6 16. 0-0 Qxa1 17. Rxa1 Nxf4 18. Re1 Bd7 19. g3 Nd5 20. Nxe6 Bxe6 21. Rxe6 Rad8 22. Ng5 Rf5 23. Ne4 Nd4 24. g4 Nxe6 25. gxf5 Nec7 26. fxg6 hxg6 27. Bg5 Rf8 28. Be7 Rf5 29. Bxc5 Kh7 30. Bxa7 b5 31. Bb3 Nf4 32. Bb8 Ncd5 33. a4 Ne2+ 34. Kg2 Ne3+ 35. Kh3 Rh5# 0-1

[Event "NZL-ch op 126th"]
[Site "Auckland"]
[Date "2019.01.21"]
[Round "8"]
[White "Bennett, Hilton Petrie"]
[Black "Norris, Damian C"]
[Result "0-1"]
[WhiteElo "1943"]
[BlackElo "1878"]
[PlyCount "48"]
[EventDate "2019.01.14"]
[EventType "swiss"]
[EventRounds "9"]
[EventCountry "NZL"]
[SourceTitle "CBM 188 Extra"]
[Source "ChessBase"]
[SourceDate "2019.02.26"]
[SourceVersion "1"]
[SourceVersionDate "2019.02.26"]
[SourceQuality "1"]

1. e4 e6 2. d3 d5 3. Qe2 dxe4 4. dxe4 e5 5. g3 Nc6 6. c3 Nf6 7. Bg2 Bc5 8. Nf3 Qe7 9. h3 0-0 10. 0-0 Ne8 11. Nbd2 Nd6 12. Kh2 a5 13. Nb3 Bb6 14. Be3 Bxe3 15. Qxe3 Nc4 16. Qe2 Be6 17. Nc1 Rfd8 18. b3 Nb6 19. Nd3 a4 20. c4 f6 21. Rfd1 Qa3 22. Qc2 Nd4 23. Nxd4 Rxd4 24. Rab1 axb3 0-1

[Event "NZL-ch op 126th"]
[Site "Auckland"]
[Date "2019.01.19"]
[Round "6"]
[White "Hair, Philip I"]
[Black "Bennett, Hilton Petrie"]
[Result "1-0"]
[WhiteElo "1836"]
[BlackElo "1943"]
[PlyCount "68"]
[EventDate "2019.01.14"]
[EventType "swiss"]
[EventRounds "9"]
[EventCountry "NZL"]
[SourceTitle "CBM 188 Extra"]
[Source "ChessBase"]
[SourceDate "2019.02.26"]
[SourceVersion "1"]
[SourceVersionDate "2019.02.26"]
[SourceQuality "1"]

1. e4 g6 2. Nc3 Bg7 3. g3 d6 4. Bg2 Nf6 5. Nge2 Nbd7 6. d3 e5 7. h3 c6 8. Be3 Nb6 9. Qd2 h6 10. f4 h5 11. a4 a5 12. Ng1 Qc7 13. Qf2 Nfd7 14. Nf3 Rb8 15. 0-0 Na8 16. d4 Rf8 17. Rad1 b6 18. Qd2 Ba6 19. Rf2 Rb7 20. Bf1 Bxf1 21. Rdxf1 Qd8 22. fxe5 dxe5 23. d5 Nc5 24. Bh6 Bxh6 25. Qxh6 cxd5 26. exd5 Qd6 27. Nxe5 Re7 28. Qxg6 Qxe5 29. Qc6+ Nd7 30. Qxa8+ Nb8 31. Rf3 Rg8 32. Ne4 f5 33. d6 Rd7 34. Qxb8+ Kf7 1-0

[Event "NZL-ch op 126th"]
[Site "Auckland"]
[Date "2019.01.15"]
[Round "2"]
[White "Buciu, Aurel John"]
[Black "Bennett, Hilton Petrie"]
[Result "0-1"]
[WhiteElo "1756"]
[BlackElo "1943"]
[PlyCount "48"]
[EventDate "2019.01.14"]
[EventType "swiss"]
[EventRounds "9"]
[EventCountry "NZL"]
[SourceTitle "CBM 188 Extra"]
[Source "ChessBase"]
[SourceDate "2019.02.26"]
[SourceVersion "1"]
[SourceVersionDate "2019.02.26"]
[SourceQuality "1"]

1. d4 Nf6 2. Bf4 g6 3. Nf3 Bg7 4. e3 d6 5. Bd3 0-0 6. c3 c5 7. Nbd2 Be6 8. h3 Qb6 9. b3 Nd5 10. Nc4 Qc7 11. Rc1 Nxf4 12. exf4 Nc6 13. Be2 Bxc4 14. Bxc4 cxd4 15. cxd4 d5 16. Bxd5 Qa5+ 17. Qd2 Qxd5 18. 0-0 Nxd4 19. Nxd4 Qxd4 20. Qe2 e6 21. Rc7 b6 22. Rd1 Qxf4 23. Rdd7 Qe5 24. Qd1 Qa1 0-1

[Event "NZL-ch op 126th"]
[Site "Auckland"]
[Date "2019.01.14"]
[Round "1"]
[White "Bennett, Hilton Petrie"]
[Black "Ker, Anthony F"]
[Result "0-1"]
[WhiteElo "1943"]
[BlackElo "2318"]
[PlyCount "83"]
[EventDate "2019.01.14"]
[EventType "swiss"]
[EventRounds "9"]
[EventCountry "NZL"]
[SourceTitle "CBM 188 Extra"]
[Source "ChessBase"]
[SourceDate "2019.02.26"]
[SourceVersion "1"]
[SourceVersionDate "2019.02.26"]
[SourceQuality "1"]

1. e4 c5 2. Nc3 g6 3. f4 Bg7 4. Nf3 Nc6 5. Bb5 Nd4 6. Bd3 e6 7. Nxd4 cxd4 8. Nb5 d6 9. c3 Ne7 10. Nxd4 Bxd4 11. Qa4+ Nc6 12. cxd4 0-0 13. Bb5 Qb6 14. Bxc6 bxc6 15. d3 Ba6 16. Ke2 Bb5 17. Qa3 Qxd4 18. Kf3 Bxd3 19. Re1 Rab8 20. Qc3 Qxc3 21. bxc3 d5 22. exd5 cxd5 23. Re3 Be4+ 24. Kf2 Rfc8 25. Ba3 a5 26. g3 f6 27. Rc1 Rc4 28. h3 Kf7 29. g4 Rb6 30. Kg3 Rbc6 31. Kf2 Ra4 32. c4 Rcxc4 33. Rxc4 Rxc4 34. Bd6 Rc6 35. Ba3 e5 36. fxe5 fxe5 37. Rb3 d4 38. Rb7+ Ke6 39. Rxh7 Rc2+ 40. Ke1 Rxa2 41. Bc5 d3 42. Be3 0-1

[Event "George Trundle Reserves"]
[Site "Auckland"]
[Date "2019.01.10"]
[Round "8"]
[White "Seabrook, Roy"]
[Black "Bennett, Hilton Petrie"]
[Result "1-0"]
[WhiteElo "1754"]
[BlackElo "1943"]
[PlyCount "71"]
[EventDate "2019.01.04"]
[EventType "tourn"]
[EventRounds "9"]
[EventCountry "NZL"]
[SourceTitle "CBM 189 Extra"]
[Source "ChessBase"]
[SourceDate "2019.06.03"]
[SourceVersion "1"]
[SourceVersionDate "2019.06.03"]
[SourceQuality "1"]

1. e4 g6 2. d4 Bg7 3. Be3 d6 4. Bc4 Nf6 5. Nc3 0-0 6. h3 Nc6 7. Nf3 e5 8. Qd2 exd4 9. Nxd4 Nxd4 10. Bxd4 Qe7 11. f3 c6 12. 0-0-0 b5 13. Be2 Rd8 14. g4 b4 15. Na4 c5 16. Bxc5 Qe8 17. b3 Bd7 18. Bd4 Bxa4 19. bxa4 Qxa4 20. Bc4 a5 21. Qf4 Rac8 22. Bb3 Qa3+ 23. Kd2 a4 24. Bxf6 axb3 25. axb3 Rxc2+ 26. Kxc2 Qa2+ 27. Kd3 Rc8 28. Bxg7 Qc2+ 29. Ke3 Kxg7 30. Qxd6 Rc3+ 31. Rd3 Rxb3 32. Rxb3 Qxb3+ 33. Qd3 Qa4 34. Rb1 f6 35. Rb3 Qa7+ 36. Qd4 1-0

[Event "George Trundle Reserves"]
[Site "Auckland"]
[Date "2019.01.08"]
[Round "6"]
[White "Bennett, Hilton Petrie"]
[Black "Chibnall, Alana"]
[Result "1/2-1/2"]
[WhiteElo "1943"]
[BlackElo "1944"]
[PlyCount "38"]
[EventDate "2019.01.04"]
[EventType "tourn"]
[EventRounds "9"]
[EventCountry "NZL"]
[SourceTitle "CBM 189 Extra"]
[Source "ChessBase"]
[SourceDate "2019.06.03"]
[SourceVersion "1"]
[SourceVersionDate "2019.06.03"]
[SourceQuality "1"]

1. g3 Nf6 2. Bg2 d5 3. Nf3 c5 4. d3 Nc6 5. 0-0 e6 6. Nbd2 Be7 7. c3 0-0 8. e4 dxe4 9. Nxe4 Nxe4 10. dxe4 e5 11. Be3 Be6 12. b3 f6 13. Qxd8 Rfxd8 14. Rfd1 Rxd1+ 15. Rxd1 Rd8 16. Rxd8+ Nxd8 17. Kf1 Nc6 18. Ke1 Kf7 19. Nd2 b6 1/2-1/2

[Event "George Trundle Reserves"]
[Site "Auckland"]
[Date "2019.01.07"]
[Round "5"]
[White "McNally, Ian"]
[Black "Bennett, Hilton Petrie"]
[Result "1/2-1/2"]
[WhiteElo "1504"]
[BlackElo "1943"]
[PlyCount "46"]
[EventDate "2019.01.04"]
[EventType "tourn"]
[EventRounds "9"]
[EventCountry "NZL"]
[SourceTitle "CBM 189 Extra"]
[Source "ChessBase"]
[SourceDate "2019.06.03"]
[SourceVersion "1"]
[SourceVersionDate "2019.06.03"]
[SourceQuality "1"]

1. d4 d6 2. c4 Nf6 3. Nc3 g6 4. e4 Bg7 5. f3 0-0 6. Be3 c6 7. Qd2 a6 8. Nge2 b5 9. Nf4 e5 10. dxe5 dxe5 11. Qxd8 Rxd8 12. Nd3 Nbd7 13. 0-0-0 Bb7 14. Be2 h6 15. Rd2 Kf8 16. Rhd1 Ke8 17. Nc5 Nxc5 18. Rxd8+ Rxd8 19. Rxd8+ Kxd8 20. Bxc5 Nd7 21. Bb4 Nf8 22. cxb5 axb5 23. a4 bxa4 1/2-1/2

[Event "George Trundle Reserves"]
[Site "Auckland"]
[Date "2019.01.05"]
[Round "3"]
[White "Aman, Chahal"]
[Black "Bennett, Hilton Petrie"]
[Result "0-1"]
[WhiteElo "1762"]
[BlackElo "1943"]
[PlyCount "46"]
[EventDate "2019.01.04"]
[EventType "tourn"]
[EventRounds "9"]
[EventCountry "NZL"]
[SourceTitle "CBM 189 Extra"]
[Source "ChessBase"]
[SourceDate "2019.06.03"]
[SourceVersion "1"]
[SourceVersionDate "2019.06.03"]
[SourceQuality "1"]

1. e4 d6 2. d4 g6 3. Bd3 Bg7 4. c3 Nf6 5. Ne2 0-0 6. f3 Nc6 7. Be3 e5 8. Qd2 d5 9. Bg5 dxe4 10. fxe4 h6 11. Bxf6 Qxf6 12. d5 Ne7 13. Na3 c6 14. 0-0-0 cxd5 15. exd5 Nxd5 16. Bxg6 Qxg6 17. Qxd5 h5 18. b3 Qa6 19. Nc4 Qxa2 20. Ng3 Be6 21. Qd2 Qxb3 22. Nxh5 Bf5 23. Qg5 Qc2# 0-1

[Event "George Trundle Reserves"]
[Site "Auckland"]
[Date "2019.01.04"]
[Round "2"]
[White "Bennett, Hilton Petrie"]
[Black "MacDonald, Paul"]
[Result "1/2-1/2"]
[WhiteElo "1943"]
[BlackElo "1953"]
[PlyCount "87"]
[EventDate "2019.01.04"]
[EventType "tourn"]
[EventRounds "9"]
[EventCountry "NZL"]
[SourceTitle "CBM 189 Extra"]
[Source "ChessBase"]
[SourceDate "2019.06.03"]
[SourceVersion "1"]
[SourceVersionDate "2019.06.03"]
[SourceQuality "1"]

1. e4 d5 2. exd5 Qxd5 3. Nc3 Qd6 4. d4 Nf6 5. Nf3 a6 6. Be2 b5 7. a3 Bb7 8. 0-0 Nbd7 9. Re1 e6 10. Bg5 Be7 11. Bh4 0-0 12. Bg3 Qb6 13. Ne5 Rad8 14. Bd3 c5 15. dxc5 Nxc5 16. Qe2 Nxd3 17. Nxd3 Qc6 18. f3 Qc4 19. Nd1 Nd5 20. N1f2 Rc8 21. c3 Rfd8 22. Ne5 Qxe2 23. Rxe2 f6 24. Ned3 Kf7 25. Rae1 e5 26. f4 exf4 27. Bxf4 Re8 28. Bg3 Bf8 29. Ne4 Red8 30. Nef2 Nb6 31. Nf4 Re8 32. Ne6 Bd5 33. Nxf8 Kxf8 34. Rxe8+ Rxe8 35. Rxe8+ Kxe8 36. Nd3 Na4 37. Nb4 Bb7 38. Nd3 Be4 39. b3 Nxc3 40. Nc5 a5 41. Be1 b4 42. axb4 axb4 43. Nxe4 Nxe4 44. Bxb4 1/2-1/2